Statistics for Regions of Japan - Map Quiz

Click here to take the quiz!

General Stats

  • This quiz has been taken 4,726 times
    (556 since last reset)
  • The average score is 5 of 8

Answers on the Map

Answers color-coded by a green-red scale on the quiz's map according to % correct below.
Loading ...
 

Answer Stats

Answer% Correct
Hokkaido
94%
Kyushu
75%
Kanto
70%
Shikoku
67%
Kansai
61%
Tohoku
50%
Chugoku
50%
Chubu
44%

Score Distribution

Percentile by Number Answered

Percent of People with Each Score

Your Score History

You have not taken this quiz since the last reset